00435nam a2200181Ia 4500003000400000005001700004008004100021020002200062040000700084041000800091082002100099100002000120245001900140260004500159300001700204365001300221650001900234OSt20230616152510.0210423s2017 xx 000 0 und d a978-81-7319-936-3 cAL aeng a620.5 223bVISN aVISWANATHAN (B) aNano materials aNew DelhibNarosa Publishing Housec2017 axiii,208bPB b250cINR aNanotechnology